000 01434nab a2200289 a 4500
005 20210219163041.0
008 991125s1985 mx 000 0 spa u
035 _aUPN01000215247
049 _aART
100 1 _aLacarrieu, Mónica Beatriz
100 1 _umonica.lacarrieu@gmail.com
222 0 _aALTERIDADES
245 0 0 _a“Mercados tradicionales” en los procesos de gentrificación/recualificación Consensos, disputas y conflictos
260 _aMéxico
300 _a29-41
362 0 _a2016 Volumen 26, número 51, enero-junio
520 3 _aEste artículo problematiza el tema de los “mercados tradicionales” en las ciudades latinoamericanas, recientemente calificados en declive y/o patrimonializados por su contenido (alimentos locales) o contenedor (edificios). También analiza el vínculo entre los procesos de gentrificación/recualificación y el rol de los mercados en relación con ellos. Aquí, los sujetos y grupos sociales locales y localizados, aparentemente afectados, negocian y disputan esos procesos de recualificación pública y/o privada
653 0 _aRECUALIFICACION
653 0 _aDECUALIFICACION
653 0 _aMERCADOS
653 0 _aESPACIOS PUBLICOS URBANOS
653 0 _aTIANGUEZ
653 0 _aAMERICA LATINA
856 4 _uhttp://www.redalyc.org/articulo.oa?id=74747921003
856 4 _uhttp://alteridades.izt.uam.mx/index.php/Alte/article/view/867/778
905 _aArticulo
999 _c187347
_d187347